000 00540nam a2200181Ia 4500
008 100920s9999 xx 000 0 und d
082 _b8987
_a891.43 थ 56
100 _aचंदर कृशन.
245 _aहम वहशी है.
260 _bहंस प्रकाशन,इलाहाबाद.
_c1956
300 _a120
_bसाधी
365 _b2
520 _aहिंदी.
630 _aहम वहशी है.
650 _aहिंदी.
730 _aहम वहशी है.
942 _cBOOK
999 _c676131
_d676128